Если наступит утро: Роман
| Yazar: | |
|---|---|
| Özet: | Исключено из фонда НТБ ТПУ |
| Dil: | Rusça |
| Baskı/Yayın Bilgisi: |
Москва, АСТ, 1999
|
| Materyal Türü: | MixedMaterials Kitap |
| KOHA link: | https://koha.lib.tpu.ru/cgi-bin/koha/opac-detail.pl?biblionumber=10934 |
MARC
| LEADER | 00000nam0a2200000 4500 | ||
|---|---|---|---|
| 001 | 10934 | ||
| 005 | 20231030183409.0 | ||
| 010 | |a 5237027164 | ||
| 035 | |a (RuTPU)RU\TPU\book\11002 | ||
| 035 | |a BOOK00011068 | ||
| 090 | |a 10934 | ||
| 100 | |a 20011209d1999 m y0rusy50 ca | ||
| 101 | 0 | |a rus | |
| 102 | |a RU | ||
| 105 | |a y z 000ay | ||
| 200 | 1 | |a Если наступит утро |e Роман |f А. Оранская | |
| 210 | |a Москва |c АСТ |d 1999 | ||
| 215 | |a 400 с. | ||
| 333 | |a Исключено из фонда НТБ ТПУ | ||
| 700 | 1 | |a Оранская |b А. |g Анна | |
| 801 | 0 | |a RU |b 63413507 |c 20011209 |g PSBO | |
| 801 | 2 | |a RU |b 63413507 |c 20130520 |g PSBO | |
| 942 | |c BK | ||